[Event "IX Festival Open"]
[Site "Amantea ITA"]
[Date "2011.09.07"]
[Round "4"]
[White "Coico, Pompeo"]
[Black "Trifoglio, Giovanni"]
[Result "0-1"]
[WhiteElo "1698"]
[BlackElo "1879"]
[PlyCount "84"]
[EventDate "2011.09.04"]

1. Nf3 Nf6 2. d4 g6 3. c4 Bg7 4. g3 O-O 5. Bg2 d6 6. O-O Nbd7 7. Nc3 e5 8. dxe5
dxe5 9. Bg5 h6 10. Bd2 c6 11. Qc2 Qe7 12. Nh4 a5 13. Ne4 Nc5 14. Nxg6 fxg6 15.
Nxc5 Qxc5 16. Qxg6 Qxc4 17. Bxh6 Qf7 18. Qxg7+ Qxg7 19. Bxg7 Kxg7 20. Rac1 Be6
21. a3 Rfd8 22. Rfd1 Rxd1+ 23. Rxd1 Kf7 24. h3 Ke7 25. Kf1 Bd5 26. f3 Nh5 27.
Kf2 Rg8 28. e4 Bc4 29. g4 Nf4 30. h4 b5 31. Bf1 Bxf1 32. Kxf1 Rd8 33. Rxd8 Kxd8
34. Kf2 Ke7 35. Kg3 a4 36. g5 Kf7 37. Kf2 Kg6 38. Ke3 c5 39. Kd2 Ng2 40. Kc3
Nxh4 41. b3 axb3 42. Kxb3 Nxf3 0-1

[Event "IX Festival Open"]
[Site "Amantea ITA"]
[Date "2011.09.07"]
[Round "4"]
[White "Donati, Michele"]
[Black "Valotta, Massimiliano"]
[Result "1-0"]
[WhiteElo "1703"]
[BlackElo "1855"]
[PlyCount "127"]
[EventDate "2011.09.04"]

1. c4 g6 2. Nf3 d6 3. g3 Bg7 4. Bg2 Nf6 5. O-O e5 6. Nc3 O-O 7. d4 exd4 8. Nxd4
Ng4 9. Nc2 Nc6 10. Ne3 Nce5 11. Qb3 Rb8 12. Rd1 Be6 13. Nxg4 Nxg4 14. Nd5 g5
15. Bd2 c6 16. Ne3 Ne5 17. Bc3 b5 18. Qc2 bxc4 19. Nf5 Bxf5 20. Qxf5 Qe7 21.
Be4 Ng6 22. Bxc6 Bxc3 23. bxc3 Rb6 24. Bd5 Qxe2 25. Re1 Qd3 26. Qxg5 Qxc3 27.
Rac1 Qg7 28. Rxc4 Ne5 29. Qxg7+ Kxg7 30. Rc7 Rb5 31. Bg2 Ra5 32. Rd1 Rxa2 33.
Rxd6 Ra1+ 34. Bf1 Nf3+ 35. Kg2 Ne5 36. Ba6 Ra8 37. Re6 Ng6 38. Rd6 Ne5 39. f4
Ra2+ 40. Kh3 Nf3 41. Bb7 Ng1+ 42. Kg4 Rf8 43. Bd5 Rxh2 44. Rdd7 Kg6 45. Bxf7+
Kf6 46. Rc6+ Kg7 47. Bc4+ Kh8 48. Rd1 h5+ 49. Kg5 Nf3+ 50. Kh6 h4 51. g4 Rd2
52. Rxd2 Nxd2 53. Be6 Rf6+ 54. Kg5 Ne4+ 55. Kh5 h3 56. g5 h2 57. Rc8+ Kg7 58.
Rc7+ Kf8 59. gxf6 Nxf6+ 60. Kg6 h1=Q 61. Kxf6 Qh4+ 62. Ke5 Qe1+ 63. Kf6 Qa1+
64. Kg6 1-0

[Event "IX Festival Open"]
[Site "Amantea ITA"]
[Date "2011.09.07"]
[Round "4"]
[White "Galante, Benedetto"]
[Black "Pelyushenko, Olga"]
[Result "0-1"]
[WhiteElo "1682"]
[BlackElo "1506"]
[PlyCount "88"]
[EventDate "2011.09.04"]

1. e4 d6 2. Nf3 Nf6 3. d3 g6 4. Be2 Bg7 5. Be3 O-O 6. O-O Nbd7 7. Nbd2 a6 8. h3
b5 9. Re1 Bb7 10. Nf1 c5 11. Qd2 Rc8 12. Bh6 c4 13. Bxg7 Kxg7 14. Ng3 h6 15.
Nh2 Qb6 16. Ng4 Nxg4 17. Bxg4 e6 18. h4 Ne5 19. Be2 b4 20. c3 cxd3 21. Bxd3 a5
22. Be2 d5 23. cxb4 axb4 24. exd5 Bxd5 25. b3 Rc3 26. Qf4 Nd3 27. Bxd3 Rxd3 28.
Ne4 f5 29. Qe5+ Kf7 30. Nd6+ Kg8 31. Rac1 Rd2 32. Rf1 Rxa2 33. Nc8 Qd8 34. Qf4
g5 35. hxg5 Qxg5 36. Ne7+ Qxe7 37. Qe5 Qg5 38. Qh2 h5 39. Rcd1 h4 40. Qh3 Rf6
41. Qh2 Rg6 42. Qb8+ Kh7 43. g3 hxg3 44. Qxg3 Qxg3+ 0-1

[Event "IX Festival Open"]
[Site "Amantea ITA"]
[Date "2011.09.07"]
[Round "4"]
[White "Greco, Simone"]
[Black "Carbone, Edoardo"]
[Result "0-1"]
[WhiteElo "1570"]
[BlackElo "1838"]
[PlyCount "78"]
[EventDate "2011.09.04"]

1. e4 c5 2. Nc3 Nc6 3. g3 Rb8 4. Bg2 b5 5. d3 b4 6. Na4 d6 7. Ne2 g6 8. O-O Bg7
9. f4 Bd7 10. Be3 Nd4 11. Bxd4 cxd4 12. b3 Bxa4 13. bxa4 Qc7 14. Qb1 Nf6 15. h3
O-O 16. Qb3 Rfc8 17. Rfc1 Nd7 18. a3 a5 19. f5 Bh6 20. Nf4 Bxf4 21. gxf4 Qc3
22. axb4 Rxb4 23. Qxc3 Rxc3 24. fxg6 hxg6 25. Ra2 Nc5 26. Rca1 e5 27. fxe5 dxe5
28. Bf3 Na6 29. Bg4 Rb7 30. Bd1 Nb4 31. Rb2 Rbc7 32. Rab1 Ra3 33. Rb3 Ra2 34.
R3b2 Rxb2 35. Rxb2 Rc3 36. Rb3 Rxb3 37. cxb3 Nxd3 38. Kf1 Kf8 39. Be2 Nc5 0-1

[Event "IX Festival Open"]
[Site "Amantea ITA"]
[Date "2011.09.07"]
[Round "4"]
[White "La Franca, Vincenzo"]
[Black "Pelyushenko, Vladyslav"]
[Result "1/2-1/2"]
[WhiteElo "1640"]
[BlackElo "1812"]
[PlyCount "99"]
[EventDate "2011.09.04"]

1. Nf3 Nf6 2. c4 g6 3. b3 Bg7 4. Bb2 d6 5. d3 e5 6. Nbd2 Nc6 7. g3 Bd7 8. Bg2
O-O 9. O-O Qc8 10. a3 Bh3 11. Rc1 Bxg2 12. Kxg2 Nh5 13. e3 f5 14. h3 e4 15. Nd4
exd3 16. Nxc6 bxc6 17. Bxg7 Kxg7 18. Nf3 Nf6 19. Qxd3 Qe8 20. Qd4 c5 21. Qf4 h6
22. Nd2 Nd7 23. Qf3 Ne5 24. Qd5 Qe7 25. Nf3 c6 26. Qd1 Rad8 27. Nxe5 Qxe5 28.
Qc2 d5 29. Rfe1 Qe4+ 30. Qxe4 dxe4 31. Rc3 Rd2 32. Rec1 Rfd8 33. R1c2 R2d7 34.
b4 cxb4 35. axb4 Rd1 36. Rc1 R1d2 37. Ra3 R8d7 38. Rca1 Kf6 39. Rxa7 R7d3 40.
R7a3 Rb2 41. Rxd3 exd3 42. Rd1 Rxb4 43. Rxd3 Rxc4 44. Rd4 Rxd4 45. exd4 Ke6 46.
Kf3 Kd5 47. Ke3 g5 48. Kd3 h5 49. Kc3 f4 50. Kd3 1/2-1/2

[Event "IX Festival Open"]
[Site "Amantea ITA"]
[Date "2011.09.07"]
[Round "4"]
[White "Levato, Biagio"]
[Black "Anselmi, Beatrice"]
[Result "0-1"]
[WhiteElo "1545"]
[BlackElo "1734"]
[PlyCount "52"]
[EventDate "2011.09.04"]

1. d4 d5 2. e4 dxe4 3. Nc3 Nf6 4. f3 exf3 5. Nxf3 Bg4 6. h3 Bh5 7. g4 Bg6 8.
Ne5 e6 9. Qf3 c6 10. g5 Nd5 11. Bd3 Qe7 12. Nxg6 hxg6 13. O-O Qc7 14. Ne4 c5
15. c4 Nb4 16. Bf4 Qd7 17. Bb1 cxd4 18. a3 N4c6 19. Bd6 Bxd6 20. Nxd6+ Qxd6 21.
Qxf7+ Kd8 22. Qf3 Qe5 23. Qg2 Rh5 24. Kh1 Qxg5 25. Bxg6 Qxg2+ 26. Kxg2 Rg5+ 0-1

[Event "IX Festival Open"]
[Site "Amantea ITA"]
[Date "2011.09.07"]
[Round "4"]
[White "Luongo, Antonio"]
[Black "Denozza, Mauro"]
[Result "1/2-1/2"]
[WhiteElo "1776"]
[BlackElo "1664"]
[PlyCount "40"]
[EventDate "2011.09.04"]

1. Nf3 d6 2. d4 Bg4 3. g3 Nd7 4. Bg2 e5 5. dxe5 dxe5 6. Nc3 Ngf6 7. O-O Bb4 8.
Nd5 Bxf3 9. Bxf3 Nxd5 10. Bxd5 c6 11. Bg2 O-O 12. Bh3 Nf6 13. c3 Bd6 14. Qb3
Qc7 15. Be3 Nd5 16. c4 Nxe3 17. Qxe3 b6 18. Rad1 Rad8 19. Qe4 Be7 20. Bg2 c5
1/2-1/2

[Event "IX Festival Open"]
[Site "Amantea ITA"]
[Date "2011.09.07"]
[Round "4"]
[White "Morelli, Gaetano"]
[Black "Brogneri, Giovanni"]
[Result "1/2-1/2"]
[WhiteElo "1852"]
[BlackElo "1736"]
[PlyCount "150"]
[EventDate "2011.09.04"]

1. e4 e6 2. d4 c5 3. c3 Nf6 4. Bd3 cxd4 5. cxd4 Nc6 6. Nf3 Nb4 7. Nc3 Nxd3+ 8.
Qxd3 Bb4 9. O-O O-O 10. e5 Ne8 11. Ng5 g6 12. Qh3 h5 13. g4 Ng7 14. Nge4 Be7
15. Bh6 hxg4 16. Qxg4 Kh7 17. Bg5 Nh5 18. Qh4 Bxg5 19. Nxg5+ Kg7 20. Nce4 d5
21. Nd6 Rb8 22. Rfc1 Bd7 23. Rc3 Bc6 24. Ndxf7 Qe7 25. Rf3 Be8 26. Nd6 Rxf3 27.
Nxf3 Qxh4 28. Nxh4 Bc6 29. b4 a6 30. a4 Nf4 31. Kf1 Rf8 32. b5 axb5 33. axb5
Bd7 34. Ra7 Bc8 35. b6 Nd3 36. Nxc8 Rxc8 37. Rxb7+ Kh6 38. Rc7 Rb8 39. Rc6 Nf4
40. Ng2 Kg5 41. Nxf4 Kxf4 42. Rxe6 g5 43. Kg2 Ke4 44. Rd6 Kxd4 45. e6 Ke5 46.
Rc6 Rb7 47. Kf3 d4 48. Ke2 Kd5 49. Rc7 Rxb6 50. e7 Re6+ 51. Kd3 Kd6 52. Ra7
Rxe7 53. Rxe7 Kxe7 54. Kxd4 Kd6 55. Ke4 Ke6 56. Kf3 Kf5 57. h3 Ke5 58. Kg4 Kf6
59. h4 gxh4 60. Kxh4 Kf5 61. Kg3 Kg5 62. f3 Kf5 63. f4 Kf6 64. Kg4 Kg6 65. f5+
Kf6 66. Kf4 Kf7 67. Ke5 Ke7 68. Ke4 Kf6 69. Kf4 Kf7 70. Kg5 Kg7 71. Kg4 Kf6 72.
Kf4 Kf7 73. Ke5 Ke7 74. f6+ Kf7 75. Kf5 Kf8 1/2-1/2

[Event "IX Festival Open"]
[Site "Amantea ITA"]
[Date "2011.09.07"]
[Round "4"]
[White "Nazzareno, Mario"]
[Black "Andreani, Carlo"]
[Result "0-1"]
[WhiteElo "1413"]
[BlackElo "1386"]
[PlyCount "50"]
[EventDate "2011.09.04"]

1. e4 c5 2. Nf3 a6 3. d4 e6 4. Bc4 b5 5. Bd3 c4 6. Be2 Bb7 7. Bg5 Be7 8. Bxe7
Qxe7 9. Nc3 b4 10. Na4 c3 11. bxc3 Bxe4 12. Nc5 Nf6 13. cxb4 d6 14. Nxe4 Nxe4
15. Qd3 d5 16. Rb1 Nc6 17. a3 O-O 18. O-O Rfc8 19. c4 Ng5 20. Nxg5 Qxg5 21.
cxd5 exd5 22. Bf3 h5 23. Rfe1 Re8 24. Rxe8+ Rxe8 25. Rc1 Qxc1+ 0-1

[Event "IX Festival Open"]
[Site "Amantea ITA"]
[Date "2011.09.07"]
[Round "4"]
[White "Panariello, Francesco"]
[Black "Preiti, Salvatore"]
[Result "0-1"]
[WhiteElo "1766"]
[BlackElo "1661"]
[PlyCount "74"]
[EventDate "2011.09.04"]

1. d4 g6 2. Nf3 Bg7 3. c4 Nf6 4. Nc3 O-O 5. e4 d6 6. h3 Nc6 7. Bg5 b6 8. Bd3
Bb7 9. a3 Nd7 10. Be3 e5 11. d5 Ne7 12. g4 c6 13. Rg1 cxd5 14. cxd5 Rc8 15. Nb5
Nc5 16. Nxa7 Ra8 17. Bxc5 bxc5 18. Nb5 Ba6 19. Qe2 Rb8 20. Kf1 Kh8 21. h4 Ng8
22. a4 Nf6 23. Nd2 Qd7 24. f3 Qe7 25. Rh1 h5 26. Kg2 Qd7 27. Kg3 Kh7 28. Nf1
Rb6 29. Ne3 Rfb8 30. Nd1 Ne8 31. Ndc3 Bh6 32. g5 Bg7 33. Ra3 f6 34. Qf2 fxg5
35. hxg5 Qf7 36. Kh3 Qf4 37. Ne2 Bc8+ 0-1

[Event "IX Festival Open"]
[Site "Amantea ITA"]
[Date "2011.09.07"]
[Round "4"]
[White "Pelyushenko, Anton"]
[Black "Vasta, Gianfranco"]
[Result "1-0"]
[WhiteElo "1692"]
[BlackElo "1655"]
[PlyCount "111"]
[EventDate "2011.09.04"]

1. Nf3 d5 2. d4 Nf6 3. g3 e6 4. Bg2 c5 5. c3 Nc6 6. O-O Be7 7. Bf4 O-O 8. Nbd2
Bd7 9. Qc2 Rc8 10. a3 cxd4 11. Ne5 dxc3 12. bxc3 Nd4 13. Qd3 Nf5 14. e4 dxe4
15. Nxe4 Bc6 16. Qxd8 Rfxd8 17. Nxf6+ Bxf6 18. Nxc6 bxc6 19. Rfc1 e5 20. Bh3
exf4 21. Bxf5 Rb8 22. gxf4 Rb3 23. a4 c5 24. Rab1 Rxb1 25. Rxb1 Bxc3 26. Rb5
Bb4 27. a5 g6 28. Bh3 Rd1+ 29. Kg2 Ra1 30. Rb8+ Kg7 31. Rb7 Rxa5 32. Be6 Ra3
33. Bxf7 h5 34. f5 gxf5 35. Bxh5+ Kf6 36. h4 a5 37. Bf7 Rd3 38. Ra7 a4 39. h5
a3 40. h6 Rd4 41. Bg8 Rh4 42. h7 Bc3 43. Rxa3 Be5 44. Ra5 c4 45. Ra4 Rh2+ 46.
Kg1 c3 47. f4 Rh6 48. fxe5+ Kxe5 49. Rc4 Kf6 50. Rc6+ Kg7 51. Rxh6 Kh8 52. Rc6
c2 53. Rxc2 f4 54. Rf2 f3 55. Rxf3 Kg7 56. Rh3 1-0

[Event "IX Festival Open"]
[Site "Amantea ITA"]
[Date "2011.09.07"]
[Round "4"]
[White "Rametta, Marcello"]
[Black "Sorbelli, Massimo"]
[Result "1/2-1/2"]
[WhiteElo "1748"]
[BlackElo "1896"]
[PlyCount "87"]
[EventDate "2011.09.04"]

1. e4 c5 2. c3 e6 3. Bd3 Nc6 4. Nf3 g6 5. Bc2 Bg7 6. O-O Nge7 7. Re1 d5 8. exd5
Nxd5 9. a3 O-O 10. d3 b5 11. Nbd2 Qc7 12. Ne4 Nce7 13. Bg5 c4 14. d4 Bb7 15.
Qc1 Nf5 16. Nc5 Bc6 17. Ne5 Be8 18. Ng4 h5 19. Bxf5 exf5 20. Ne3 Bc6 21. Nxd5
Bxd5 22. Re7 Qc6 23. f3 Rfe8 24. Qf4 Rxe7 25. Bxe7 Re8 26. Bh4 a5 27. Re1 Bf8
28. Rxe8 Qxe8 29. Kf2 Qc6 30. Qb8 Kg7 31. Qd8 Bxc5 32. dxc5 Qxc5+ 33. Ke2 Qc6
34. Be7 Qa8 35. Bf6+ Kh7 36. Qb6 Qe8+ 37. Kf2 Qe6 38. Bd4 Qxb6 39. Bxb6 a4 40.
h4 f6 41. Bd8 Kg7 42. f4 Kf7 43. g3 Ke6 44. Ke3 1/2-1/2

[Event "IX Festival Open"]
[Site "Amantea ITA"]
[Date "2011.09.07"]
[Round "4"]
[White "Rizzuti, Pasquale"]
[Black "Russo, Arianna"]
[Result "1-0"]
[WhiteElo "1856"]
[BlackElo "1696"]
[PlyCount "115"]
[EventDate "2011.09.04"]

1. f4 c5 2. Nf3 d5 3. e3 Nf6 4. c4 e6 5. Be2 g6 6. O-O Bg7 7. d4 cxd4 8. Nxd4
O-O 9. Nc3 dxc4 10. Bxc4 Bd7 11. Bd2 Nc6 12. Nce2 Qb6 13. Nxc6 Bxc6 14. Nd4 Be4
15. Qb3 Qxb3 16. Bxb3 Rfd8 17. Bc3 Nd5 18. Bxd5 Rxd5 19. Rfd1 Rad8 20. Rd2 e5
21. Nb3 exf4 22. Rxd5 Rxd5 23. Bxg7 Kxg7 24. exf4 Rb5 25. Nd2 Bd5 26. b3 Rb4
27. g3 Rd4 28. Nf1 a5 29. Ne3 Be6 30. Rd1 Re4 31. Kf2 a4 32. Nd5 axb3 33. axb3
Bf5 34. Kf3 Re8 35. Rd4 Rd8 36. b4 Be6 37. Ke4 Bf5+ 38. Kf3 Be6 39. Ke4 Bf5+
40. Ke3 Re8+ 41. Kd2 Re4 42. Kc3 Rxd4 43. Kxd4 Bh3 44. Kc5 Bg2 45. b5 h5 46. b6
Kf8 47. Ne3 Be4 48. Kd6 Ke8 49. Kc7 Ke7 50. Nc4 f5 51. Nd6 Kf6 52. Nxb7 g5 53.
Nd6 Bf3 54. Kd7 h4 55. b7 Bxb7 56. Nxb7 gxf4 57. gxf4 Kf7 58. h3 1-0

[Event "IX Festival Open"]
[Site "Amantea ITA"]
[Date "2011.09.07"]
[Round "4"]
[White "Rubino, Giovanni"]
[Black "Mazzuca, Aldo"]
[Result "0-1"]
[WhiteElo "1434"]
[BlackElo "1458"]
[PlyCount "42"]
[EventDate "2011.09.04"]

1. e4 e5 2. Nf3 Nc6 3. Bc4 Bc5 4. Nc3 Nf6 5. d4 exd4 6. Ng5 O-O 7. Nd5 h6 8.
Nxf7 Rxf7 9. Nxf6+ Qxf6 10. Bxf7+ Qxf7 11. O-O d6 12. h3 Qg6 13. Re1 Bxh3 14.
Qf3 Be6 15. g3 Rf8 16. Qg2 d3 17. cxd3 Bxf2+ 18. Qxf2 Rxf2 19. Kxf2 Ne5 20. Ke3
Qxg3+ 21. Kd4 Qxd3# 0-1

[Event "IX Festival Open"]
[Site "Amantea ITA"]
[Date "2011.09.07"]
[Round "4"]
[White "Serratore, Vincenzo"]
[Black "Stoja, Rocco"]
[Result "0-1"]
[WhiteElo "1859"]
[BlackElo "1772"]
[PlyCount "92"]
[EventDate "2011.09.04"]

1. d4 g6 2. f4 d6 3. Nf3 Bg7 4. e3 Nd7 5. Bd3 e5 6. f5 Qe7 7. O-O e4 8. fxg6
hxg6 9. Bc4 exf3 10. Qxf3 f5 11. Qg3 Qf6 12. Nc3 Nb6 13. Ne4 Qe7 14. Qxg6+ Kd8
15. Bxg8 Rxg8 16. Ng3 Qf6 17. Qxf6+ Bxf6 18. Nxf5 Rg6 19. b3 Be6 20. Bd2 Kd7
21. Rf2 Rag8 22. c4 Bxf5 23. g3 Bh3 24. a4 Ke7 25. a5 Nd7 26. Ra4 Bg5 27. Ra2
Rf6 28. Bc1 Rxf2 29. Rxf2 Rf8 30. b4 Rxf2 31. Kxf2 b6 32. Bd2 bxa5 33. bxa5 a6
34. Kf3 Nf6 35. c5 d5 36. g4 c6 37. Bc1 Bxg4+ 38. Kg3 Bf5 39. Kf3 Ne4 40. Bb2
Kf7 41. Ba3 Kg6 42. Bb4 Kh5 43. Be1 Bg4+ 44. Kg2 Bxe3 45. h3 Bd1 46. Bg3 Bxd4
0-1

[Event "IX Festival Open"]
[Site "Amantea ITA"]
[Date "2011.09.07"]
[Round "4"]
[White "Trematerra, Massimiliano"]
[Black "Paragliola, Gennaro"]
[Result "0-1"]
[WhiteElo "1511"]
[BlackElo "1576"]
[PlyCount "130"]
[EventDate "2011.09.04"]

1. d4 Nf6 2. c4 d6 3. g3 g6 4. Bg2 Bg7 5. e4 O-O 6. Nd2 c5 7. Ne2 Nc6 8. Nb3
cxd4 9. Nexd4 Ne5 10. Qe2 Rb8 11. Bd2 Qc7 12. Rc1 b6 13. Nb5 Qd7 14. O-O a6 15.
Na3 Qc7 16. Rfd1 Be6 17. Nd4 Bg4 18. f3 Bd7 19. b4 Rfc8 20. Nb3 Be6 21. Bf1 Qa7
22. Be3 Nfd7 23. Bf2 Nc6 24. Nc2 Nde5 25. c5 dxc5 26. bxc5 Bh6 27. cxb6 Qb7 28.
Nc5 Bc4 29. Qe1 Nxf3+ 30. Kh1 Nxe1 31. Nxb7 Bxc1 32. Bxc4 Rxb7 33. Bxa6 Rd8 34.
Rxe1 Rbd7 35. Rxc1 Rd2 36. Kg1 Rd1+ 37. Rxd1 Rxd1+ 38. Kg2 Rd2 39. Ne3 Rxa2 40.
Bb7 Nb8 41. Nd5 e6 42. Ne7+ Kf8 43. Nc8 Rb2 44. Kf3 Ke8 45. h4 Nd7 46. Nd6+ Ke7
47. Nc4 Rb3+ 48. Kf4 f6 49. e5 Rb4 50. exf6+ Kxf6 51. Bd4+ e5+ 52. Bxe5+ Nxe5
53. Be4 Nxc4 54. Kf3 Nd2+ 55. Kg2 Nxe4 56. b7 Rxb7 57. Kf3 Ke5 58. Kg4 Rb3 59.
Kh3 Rxg3+ 60. Kh2 Kf4 61. h5 g5 62. h6 Kf3 63. Kh1 Kf2 64. Kh2 Re3 65. Kh1 Rh3#
0-1

[Event "IX Festival Open"]
[Site "Amantea ITA"]
[Date "2011.09.07"]
[Round "4"]
[White "Tricomi, Massimo"]
[Black "Di Salvio, Giuseppe"]
[Result "1-0"]
[WhiteElo "1889"]
[BlackElo "1785"]
[PlyCount "59"]
[EventDate "2011.09.04"]

1. b3 e5 2. Bb2 Nc6 3. e3 Nf6 4. Bb5 d6 5. Ne2 Be7 6. O-O Bd7 7. f4 e4 8. Bxc6
bxc6 9. c4 O-O 10. Ng3 d5 11. Nc3 Re8 12. Nh5 dxc4 13. f5 Qc8 14. Ng3 Bd6 15.
Ncxe4 Nxe4 16. Qg4 c3 17. dxc3 Nxg3 18. c4 Be5 19. Bxe5 Rxe5 20. Qxg3 Rxf5 21.
Rfd1 Qe8 22. Rd4 c5 23. Rd3 Re5 24. Rad1 Bf5 25. Qxe5 Bxd3 26. Qxe8+ Rxe8 27.
Rxd3 f5 28. Kf2 Re5 29. Rd7 Re6 30. Rxc7 1-0

[Event "IX Festival Open"]
[Site "Amantea ITA"]
[Date "2011.09.07"]
[Round "4"]
[White "Vasta, Armando"]
[Black "Mileo, Miguelito"]
[Result "0-1"]
[WhiteElo "1545"]
[BlackElo "1833"]
[PlyCount "94"]
[EventDate "2011.09.04"]

1. d4 e5 2. dxe5 Nc6 3. Nf3 Qe7 4. Bf4 Qb4+ 5. Bd2 Qxb2 6. Bc3 Bb4 7. Bxb4 Nxb4
8. Na3 Qxa3 9. Qd2 Qb2 10. Rc1 Nxa2 11. Rd1 Nb4 12. Rc1 a5 13. e4 Ne7 14. Bc4
O-O 15. O-O Nbc6 16. Rb1 Qa3 17. Qg5 Ng6 18. Qh5 Ncxe5 19. Nxe5 Nxe5 20. Qxe5
d6 21. Qe7 Qc5 22. Bd3 c6 23. Kh1 b5 24. f4 Ra7 25. Qh4 a4 26. f5 f6 27. g4 Qe3
28. Rbe1 g5 29. fxg6 Qg5 30. gxh7+ Rxh7 31. Qxg5+ fxg5 32. Rxf8+ Kxf8 33. e5
Re7 34. Rf1+ Rf7 35. Re1 Ke7 36. exd6+ Kxd6 37. h3 Rf2 38. Rd1 Kc5 39. Be4 Be6
40. Kg1 Rf4 41. Re1 Bd5 42. Bd3 Kd4 43. Re8 a3 44. Ra8 a2 45. Ra3 Kc5 46. c3
Ra4 47. Rxa2 Rxa2 0-1

[Event "IX Festival Open"]
[Site "Amantea ITA"]
[Date "2011.09.07"]
[Round "4"]
[White "Violi, Vincenzo"]
[Black "Vizza, Pietro"]
[Result "1/2-1/2"]
[WhiteElo "1828"]
[BlackElo "1691"]
[PlyCount "105"]
[EventDate "2011.09.04"]

1. e4 d6 2. d4 Nf6 3. Nc3 e5 4. Nf3 Nbd7 5. Bc4 Be7 6. O-O O-O 7. Re1 c6 8. a4
a5 9. b3 exd4 10. Qxd4 Nb6 11. Bf1 d5 12. exd5 Nfxd5 13. Bb2 Bf6 14. Qd2 Nxc3
15. Bxc3 Bxc3 16. Qxc3 Nd5 17. Qb2 Re8 18. Rxe8+ Qxe8 19. Re1 Qd8 20. Rd1 Qc7
21. Qd4 Be6 22. Ng5 Bf5 23. Bd3 Bxd3 24. Qxd3 Nf6 25. h3 h6 26. Nf3 Re8 27. Nd2
Re5 28. Nc4 Rd5 29. Qe2 Rxd1+ 30. Qxd1 Nd5 31. Qe1 b6 32. Qe8+ Kh7 33. Qe5 Qd8
34. Nd6 Qd7 35. Nc4 f6 36. Qe4+ Kg8 37. Qd4 Qc7 38. Qe4 Kf7 39. g3 g6 40. Qh4
Kg7 41. Qd4 Kf7 42. Na3 Qe7 43. Nc4 Qc7 44. Kg2 Kg7 45. Nd2 Kf7 46. Ne4 Qe7 47.
Nd2 Qc7 48. Nf3 Ne7 49. Nd2 Nd5 50. Ne4 Qe7 51. c4 Qb4 52. Qd3 f5 53. Nd2
1/2-1/2

[Event "IX Festival Open"]
[Site "Amantea ITA"]
[Date "2011.09.08"]
[Round "5"]
[White "Andreani, Carlo"]
[Black "Trematerra, Massimiliano"]
[Result "1-0"]
[WhiteElo "1386"]
[BlackElo "1511"]
[PlyCount "31"]
[EventDate "2011.09.04"]

1. b3 c5 2. Bb2 Nc6 3. e3 e6 4. Bb5 Nge7 5. Nc3 a6 6. Bxc6 Nxc6 7. Nf3 d5 8.
Qe2 Bd6 9. O-O-O O-O 10. h4 h6 11. g4 Be7 12. Rdg1 g5 13. hxg5 Bxg5 14. Ne1 e5
15. Nd3 Re8 16. Qf1 1-0

[Event "IX Festival Open"]
[Site "Amantea ITA"]
[Date "2011.09.08"]
[Round "5"]
[White "Anselmi, Beatrice"]
[Black "Morelli, Gaetano"]
[Result "0-1"]
[WhiteElo "1734"]
[BlackElo "1852"]
[PlyCount "60"]
[EventDate "2011.09.04"]

1. e4 e5 2. Nf3 Nc6 3. Bc4 Bc5 4. c3 d6 5. h3 h6 6. d3 Nf6 7. O-O Be6 8. Bb3
Qd7 9. Be3 Bb6 10. Bc2 g5 11. Bxb6 axb6 12. d4 Bxh3 13. gxh3 Qxh3 14. Nh2 g4
15. Qd3 Qh5 16. Kg2 Qg6 17. Rg1 Nh5 18. Kf1 Nf4 19. Qd1 h5 20. d5 Ne7 21. Qe1
Nexd5 22. f3 Nf6 23. Qh4 O-O-O 24. Bd1 d5 25. exd5 Qd3+ 26. Ke1 Qe3+ 27. Kf1
Qd3+ 28. Ke1 Rxd5 29. Na3 Qe3+ 30. Kf1 Rxd1+ 0-1

[Event "IX Festival Open"]
[Site "Amantea ITA"]
[Date "2011.09.08"]
[Round "5"]
[White "Brogneri, Giovanni"]
[Black "Ielapi, Vito"]
[Result "0-1"]
[WhiteElo "1736"]
[BlackElo "1848"]
[PlyCount "72"]
[EventDate "2011.09.04"]

1. e4 e5 2. Nf3 Nc6 3. Bb5 Nf6 4. O-O Bc5 5. Nxe5 Nxe5 6. d4 c6 7. dxe5 cxb5 8.
exf6 Qxf6 9. Nc3 Qc6 10. Qe2 b4 11. Nd5 O-O 12. Be3 Re8 13. f3 d6 14. Qd3 Be6
15. c4 bxc3 16. Nxc3 Bc4 17. Qd2 Bxf1 18. Kxf1 Bxe3 19. Qxe3 d5 20. Qd4 dxe4
21. Nxe4 Rad8 22. Qf2 f5 23. Nc3 Rd7 24. Re1 Rxe1+ 25. Qxe1 Qc4+ 26. Qe2 Qxe2+
27. Kxe2 Kf7 28. f4 a6 29. a4 Ke7 30. Ke3 h6 31. g3 Kd8 32. h3 Kc7 33. b4 g5
34. a5 Kd8 35. Na4 Rd1 36. Nc5 Kc8 0-1

[Event "IX Festival Open"]
[Site "Amantea ITA"]
[Date "2011.09.08"]
[Round "5"]
[White "Carbone, Edoardo"]
[Black "Rametta, Marcello"]
[Result "1-0"]
[WhiteElo "1838"]
[BlackElo "1748"]
[PlyCount "63"]
[EventDate "2011.09.04"]

1. d4 d5 2. c4 dxc4 3. Nc3 e6 4. e3 Be7 5. Bxc4 a6 6. a4 Nf6 7. Nf3 Nc6 8. O-O
O-O 9. Re1 Bd7 10. e4 Na5 11. Bf1 c5 12. e5 Nd5 13. Nxd5 exd5 14. dxc5 Bxc5 15.
Qxd5 Qc7 16. Bd2 Be6 17. Bxa5 Qxa5 18. Qe4 Bd5 19. Qg4 Qb6 20. Qg3 Qxb2 21. Bd3
Bxf3 22. Qxf3 Rae8 23. Rab1 Qd4 24. Re4 Qd8 25. Qh3 g6 26. Rh4 f5 27. Bc4+ Rf7
28. Rxh7 Bxf2+ 29. Kh1 Bh4 30. Rxh4 Kf8 31. Rh8+ Ke7 32. Rxb7+ 1-0

[Event "IX Festival Open"]
[Site "Amantea ITA"]
[Date "2011.09.08"]
[Round "5"]
[White "Casella, Carlo"]
[Black "Vasta, Armando"]
[Result "0-1"]
[WhiteElo "1699"]
[BlackElo "1545"]
[PlyCount "90"]
[EventDate "2011.09.04"]

1. e4 c5 2. Nf3 Nc6 3. d4 cxd4 4. Nxd4 e6 5. c4 Bb4+ 6. Nc3 d5 7. exd5 exd5 8.
Nxc6 bxc6 9. a3 Bxc3+ 10. bxc3 Ne7 11. Be2 O-O 12. O-O Be6 13. Bg5 h6 14. Bh4
g5 15. Bg3 Nf5 16. cxd5 Nxg3 17. fxg3 Qxd5 18. Qc2 f5 19. Kh1 Qb3 20. Qxb3 Bxb3
21. Rab1 Bd5 22. h3 Rab8 23. Rb4 Rxb4 24. axb4 Re8 25. Bf3 Re5 26. Kg1 Re3 27.
Bxd5+ cxd5 28. Rf3 Re5 29. Kf2 Kf7 30. Rd3 Ke6 31. Rd1 Kf7 32. Ra1 Re7 33. Ra6
Rc7 34. Ra3 Re7 35. Kf3 Kg7 36. Ra5 Rc7 37. Rc5 Rxc5 38. bxc5 Kf7 39. Ke3 Ke6
40. Kd3 a5 41. Kc2 Kd7 42. Kb3 Kc6 43. g4 fxg4 44. hxg4 Kxc5 45. g3 Kb5 0-1

[Event "IX Festival Open"]
[Site "Amantea ITA"]
[Date "2011.09.08"]
[Round "5"]
[White "Crippa, Oscar"]
[Black "Levato, Biagio"]
[Result "1-0"]
[WhiteElo "1673"]
[BlackElo "1545"]
[PlyCount "61"]
[EventDate "2011.09.04"]

1. e4 c5 2. Nc3 e6 3. g3 a6 4. Bg2 Qc7 5. d3 Nc6 6. f4 Nge7 7. Nf3 d6 8. O-O g6
9. Be3 Bg7 10. Qd2 b6 11. d4 cxd4 12. Nxd4 Bb7 13. Rad1 Rd8 14. Qf2 O-O 15.
Nxc6 Qxc6 16. Bxb6 Rb8 17. Bd4 e5 18. fxe5 dxe5 19. Bc5 Qe6 20. Rd6 Qc8 21.
Rfd1 f6 22. Rd7 Nc6 23. Bxf8 Qxf8 24. Ne2 Ne7 25. Qc5 Nc6 26. Qxf8+ Bxf8 27. c3
Bc8 28. Rc7 Bb7 29. Rdd7 Ba8 30. Bh3 Rxb2 31. Be6+ 1-0

[Event "IX Festival Open"]
[Site "Amantea ITA"]
[Date "2011.09.08"]
[Round "5"]
[White "D'Elia, Mario Domenico"]
[Black "Pelyushenko, Olga"]
[Result "1-0"]
[WhiteElo "1663"]
[BlackElo "1506"]
[PlyCount "103"]
[EventDate "2011.09.04"]

1. d4 Nf6 2. Nf3 g6 3. g3 Bg7 4. Bg2 O-O 5. O-O d6 6. c4 Nbd7 7. Nc3 c5 8. e3
a6 9. b3 Rb8 10. a4 Qc7 11. Bb2 e5 12. d5 h6 13. Rb1 Re8 14. Re1 Nf8 15. h3 Bf5
16. e4 Bd7 17. Bc1 Qc8 18. Kh2 N6h7 19. Bd2 f5 20. exf5 Bxf5 21. Ne4 Bxe4 22.
Rxe4 Qf5 23. Qe2 Nf6 24. Nh4 Qd7 25. Re3 g5 26. Nf3 Qf5 27. Qd1 e4 28. Qc2 Qg6
29. Ng1 Qh5 30. f3 g4 31. fxe4 gxh3 32. Bf3 Ng4+ 33. Bxg4 Qxg4 34. Bc3 Be5 35.
Be1 Ng6 36. Nxh3 Rf8 37. Qd1 Qh4 38. Kg2 Qe7 39. Qg4 Qg7 40. Kh1 Rf1+ 41. Ng1
Rbf8 42. Re2 h5 43. Qh3 R8f3 44. Kh2 Rf8 45. Rg2 h4 46. Ne2 R1f3 47. Qg4 hxg3+
48. Bxg3 Qh6+ 49. Kg1 Bxg3 50. Nxg3 R3f4 51. Qe6+ R8f7 52. Nf5 1-0